000 00712nab a2200229 a 4500
001 66195
003 139025
005 20201118110255.0
008 ||||||n9999 ||| || ||
041 _apor
100 _aLambert, Join
245 0 _aAvaliacao de politicas publicas :
_bpp.169-187
260 _aBrasil :
_bFundaco Escola Nacional de Administracao Publica,
_c1993.
300 _app.169-187
562 _e0
650 _aBOGOTÁ (COLOMBIA)--ADMINISTRACIÓN PÚBLICA
650 _aEVALUACIÓN DE POLÍTICA
650 _aPOLÍTICA ADMINISTRATIVA
650 _aPOLÍTICA PÚBLICA
773 _060029
_aContrato de gestao e a experiencia francesa de renovacao do sector publico
942 _cANADO
999 _c66195
_d66195